000 00436nam a22001817a 4500
003 MPLRDC
005 20220104151419.0
008 210129b ||||| |||| 00| 0 eng d
020 _a7-80082-432-2
082 _a782.886 MZM
100 _a朱天红、逸晚 著
245 _a毛泽民传
_c
250 _a第一版
260 _a
_b华龄出版社
_c1994
300 _b
650 _a毛泽民传记
942 _cBK
_o782.886 MZM
999 _c52360
_d52350